Normal view
MARC view
Entry Topical Term
001 - CONTROL NUMBER
- control field: 49339
003 - CONTROL NUMBER IDENTIFIER
- control field: OSt
005 - DATE AND TIME OF LATEST TRANSACTION
- control field: 20241205161304.0
008 - FIXED-LENGTH DATA ELEMENTS
- fixed length control field: 241205|| aca||aabn | a|a d
040 ## - CATALOGING SOURCE
- Original cataloging agency: OSt
- Transcribing agency: OSt
150 ## - HEADING--TOPICAL TERM
- Topical term or geographic name entry element: Critical Decision-making High-risk environments, Reflective analysis, Mindfulness, practitioner-oriented
670 ## - SOURCE DATA FOUND
- Source citation: Work cat.: (OSt): Bangari, Ravindra Singh 49338, High-risk, critical decision-making under time pressure: Some parallels and learning from split-second choices made in extreme adventure sports
